[Event "CRO-chT3A Center"]
[Site "Zagreb"]
[Date "2010.04.25"]
[Round "5.13"]
[White "Ivetic, Vladimir"]
[Black "Vuga, Jovan"]
[Result "1/2-1/2"]
[WhiteElo "2115"]
[BlackElo "2155"]
[PlyCount "129"]
[EventDate "2010.03.21"]
[EventType "team-tourn"]
[EventRounds "11"]
[EventCountry "CRO"]
[SourceTitle "EXT 2012"]
[Source "ChessBase"]
[SourceDate "2011.11.24"]
[SourceVersion "1"]
[SourceVersionDate "2011.11.24"]
[SourceQuality "1"]

1. d4 Nf6 2. Nf3 g6 3. Bf4 Bg7 4. e3 0-0 5. Bd3 d6 6. Nbd2 Nc6 7. c3 Nd7 8. e4 e5 9. Be3 h6 10. d5 Ne7 11. c4 f5 12. Nb3 Nf6 13. Qc2 g5 14. Bc1 fxe4 15. Bxe4 Nxe4 16. Qxe4 Bf5 17. Qe3 Ng6 18. h3 Nf4 19. 0-0 Qf6 20. Nh2 Qg6 21. Na5 h5 22. g4 Bc8 23. a4 e4 24. Re1 Be5 25. Ra3 hxg4 26. Nxg4 Bxg4 27. hxg4 Qh6 28. Qxe4 Nh3+ 29. Rxh3 Qxh3 30. Qg6+ Kh8 31. Qh5+ Qxh5 32. gxh5 Bd4 33. Re2 Rae8 34. Be3 Rg8 35. Bxd4+ Kh7 36. Be3 Kh6 37. Nxb7 Kxh5 38. a5 Kg4 39. Kg2 Rg7 40. a6 Rh7 41. Na5 Rh3 42. Nc6 Reh8 43. f3+ Rxf3 44. Bf2 Rfh3 45. Re4+ Kf5 46. Re6 Rh2+ 47. Kf1 Rh1+ 48. Bg1 R8h2 49. Nxa7 Rxb2 50. Nb5 Rb1+ 51. Kf2 Rbxg1 52. Nd4+ Kg4 53. Re4+ Kh5 54. Ne2 Rf1+ 55. Kg2 Re1 56. a7 Rxe2+ 57. Rxe2 Ra1 58. Re7 Ra2+ 59. Kg3 Ra3+ 60. Kg2 Rxa7 61. Kg3 Ra3+ 62. Kf2 Ra2+ 63. Ke3 Ra7 64. Ke4 Kg4 65. Rf7 1/2-1/2

[Event "CRO-chT3"]
[Site "Rijeka/Pula"]
[Date "2009.04.05"]
[Round "3"]
[White "Ivetic, Vladimir"]
[Black "Zoricic, Marijan"]
[Result "1-0"]
[WhiteElo "2088"]
[BlackElo "2159"]
[PlyCount "35"]
[EventDate "2009.04.04"]
[EventType "team-tourn"]
[EventRounds "9"]
[EventCountry "CRO"]
[SourceTitle "EXT 2011"]
[Source "ChessBase"]
[SourceDate "2010.11.26"]
[SourceVersion "1"]
[SourceVersionDate "2010.11.26"]
[SourceQuality "1"]

1. d4 d5 2. Nf3 Nf6 3. Bf4 e6 4. e3 c5 5. c3 Be7 6. Bxb8 Rxb8 7. Qa4+ Bd7 8. Qxa7 Ra8 9. Qxb7 cxd4 10. Nxd4 Rb8 11. Qa6 Rxb2 12. Nc6 Bxc6 13. Qxc6+ Qd7 14. Qxd7+ Kxd7 15. a4 Ra8 16. Nd2 Ne4 17. Nxe4 dxe4 18. 0-0-0+ 1-0